8 największych stadionów piłkarskich w Europie - Statystyki

Ogólne statystyki
  • Ten quiz został rozwiązany 39 razy
  • Średni wynik to 4 z 8
Statystyki odpowiedzi
Stadion Pojemność/Liczba miejsc Kraj, w którym znajduje się stadion % Poprawnych
Camp Nou 99354 Hiszpania
95%
Santiago Bernabeu 83186 Hiszpania
87%
Wembley 90000 Wielka Brytania (konkretnie Anglia)
87%
San Siro 80018 Włochy
72%
Signal Iduna Park 81365 Niemcy
49%
Stade De France 81338 Francja
26%
Ataturk 77563 Turcja
15%
Luzhniki 81000 Rosja
8%
Nie znaleziono quizów pasujących do podanych kryteriów
Rozkład punktacji
Procent ludzi z każdym wynikiem
Percentyl według liczby udzielonych odpowiedzi
Twoja historia wyników
Nie rozwiązałeś tego quizu